000 005000000a22001930004500
001 001665
003 MACL
005 20150821131042.0
008 150821b xxu||||| |||| 00| 0 eng d
040 _aMACL
_cMACL
041 _aEnglish
082 _a617.601/KUL
100 _aKulkarni, Abhijeet.S
_96483
245 _aDental & Oral Health For All
_cAbhijeet.S Kulkarni
260 _aNew Delhi
_c2005
_bNational books Trust,
350 _a55
650 _aMedical Science
_985
942 _k618
_cBK
_2ddc
999 _c13583
_d13583